[Event "Graz op"]
[Site "Graz"]
[Date "1997.??.??"]
[Round "1"]
[White "Timmermans, Ivo"]
[Black "Wittmann, Walter"]
[Result "0-1"]
[WhiteElo "2225"]
[BlackElo "2405"]

1.e4 c5 2.Nf3 d6 3.d4 cxd4 4.Nxd4 Nf6 5.Nc3 Nc6 6.Bg5 Bd7 7.Be2 Qa5 8.Bxf6 gxf6
9.Nb3 Qg5 10.Nd5 Rc8 11.O-O Rg8 12.g3 Bh3 13.f4 Qh4 14.Kh1 Qh6 15.Rf2 e6
16.Ne3 Be7 17.Nd4 Kf8 18.Nf3 Qg6 19.Bd3 Nb4 20.Ng1 Qh6 21.Be2 d5 22.exd5 Bc5
23.Nxh3 Bxe3 24.Rf3 Qxh3 25.Rxe3 Nxc2 26.Rc1 Nxe3 27.Rxc8+ Kg7 28.Rxg8+ Kxg8
29.Qg1 Nxd5 30.Qxa7 Qf5 31.Qd4 Qb1+ 32.Kg2 Qxa2 33.f5 e5 34.Qd2 Qb3 35.Kf2 Qb6+
36.Kf3 Qg1 37.Bd1 Qh1+  0-1

[Event "Graz op"]
[Site "Graz"]
[Date "1997.??.??"]
[Round "6"]
[White "Van den Doel, Erik"]
[Black "Epishin, Vladimir"]
[Result "1-0"]
[WhiteElo "2440"]
[BlackElo "2570"]

1.e4 c5 2.Nf3 d6 3.d4 cxd4 4.Nxd4 Nf6 5.Nc3 Nc6 6.Bg5 e6 7.Qd2 a6 8.O-O-O Nxd4
9.Qxd4 Be7 10.f4 b5 11.Bxf6 gxf6 12.f5 Qc7 13.Be2 Qc5 14.fxe6 fxe6 15.Qxc5 dxc5
16.Bh5+ Kf8 17.e5 f5 18.g4 Ra7 19.gxf5 exf5 20.Nd5 Kg7 21.Rhg1+ Kh6 22.Rd3 Bg5+
23.Kb1 f4 24.Bg4 Bxg4 25.Rxg4 Kh5 26.Rg1 Rf8 27.Rf3 Rf5 28.h4 Bd8 29.Nxf4+ Kh6
30.Rd1 Bc7 31.Rd7 Bb8 32.Rxa7 Bxa7 33.c4 Rxe5 34.Ra3 Bb8 35.Rxa6+ Kg7 36.Ne6+ Kf7
37.Nd8+ Ke8 38.Nc6 Re1+ 39.Kc2 Bg3 40.cxb5 Re2+ 41.Kb3 Bxh4 42.Na5 Re3+ 43.Kc4 Re2
44.Rh6 Rxb2 45.a3 Bg3 46.Rxh7 Ra2 47.Kb3 Rf2 48.b6 Rf6 49.Nc4 Rf1 50.Ka4 Rb1
51.Rh3 Bf4 52.Rb3 Rxb3 53.Kxb3 Kd7 54.Ka4 Kc6 55.Ka5 Bg5 56.Ka6 Bd8 57.Ne5+  1-0

[Event "Groningen op"]
[Site "Groningen"]
[Date "1997.??.??"]
[Round "7"]
[White "Lanka, Zigurds"]
[Black "Vydeslaver, Alik"]
[Result "1-0"]
[WhiteElo "2565"]
[BlackElo "2400"]

1.e4 c5 2.Nf3 d6 3.d4 cxd4 4.Nxd4 Nf6 5.Nc3 Nc6 6.Bg5 e6 7.Qd2 a6 8.O-O-O h6
9.Be3 Be7 10.f3 Nxd4 11.Bxd4 b5 12.Kb1 Rb8 13.Ba7 Rb7 14.Be3 b4 15.Ne2 e5
16.Nc1 Rb8 17.Bc4 O-O 18.g4 Qc7 19.Bb3 Be6 20.g5 hxg5 21.Bxg5 Rfd8 22.Rhg1 Ne8
23.Ne2 Bxg5 24.Qxg5 Bxb3 25.axb3 Rbc8 26.c4 bxc3 27.Nxc3 f6 28.Qe3 Qc5 29.Qd3 Rb8
30.Nd5 Qb5 31.b4 Kf8 32.Qe3 Rb7 33.f4 Rc8 34.b3 exf4 35.Qh3 Rcb8 36.Rd3 Kg8
37.Qe6+ Rf7 38.Ne7+  1-0

[Event "Groningen op"]
[Site "Groningen"]
[Date "1997.??.??"]
[Round "9"]
[White "Vink, Nico"]
[Black "Meins, Gerlef"]
[Result "0-1"]
[WhiteElo "2190"]
[BlackElo "2460"]

1.e4 c5 2.Nf3 Nc6 3.d4 cxd4 4.Nxd4 Nf6 5.Nc3 d6 6.Bg5 e6 7.Qd2 a6 8.O-O-O h6
9.Bxf6 Qxf6 10.g3 Nxd4 11.Qxd4 Qxd4 12.Rxd4 Bd7 13.Bc4 Bc6 14.Rhd1 Be7 15.f3 h5
16.h3 Bf6 17.R4d3 h4 18.g4 Be5 19.Ne2 g5 20.c3 Ke7 21.Nd4 Bd7 22.Kd2 b5 23.Bb3 a5
24.Ke2 Rac8 25.Ke3 b4 26.Rb1 Rb8 27.Kd2 bxc3+ 28.bxc3 a4 29.Bc2 Rxb1 30.Bxb1 Rb8
31.Kc1 a3 32.Nb3 Bb5  0-1

[Event "Groningen op"]
[Site "Groningen"]
[Date "1997.??.??"]
[Round "10"]
[White "Coenen, Norbert"]
[Black "Nieminen, Kari"]
[Result "0-1"]
[WhiteElo "2335"]
[BlackElo "2230"]

1.e4 c5 2.Nf3 Nc6 3.d4 cxd4 4.Nxd4 Nf6 5.Nc3 d6 6.Bg5 Bd7 7.Be2 Rc8 8.f4 h6
9.Bxf6 gxf6 10.Nb3 f5 11.Bh5 Bg7 12.Qd2 fxe4 13.Nxe4 Qb6 14.c3 a5 15.Rf1 a4
16.Nc1 a3 17.b4 Nxb4 18.f5 Rc4 19.Ne2 Rxe4 20.Rb1 Qe3 21.Rf3 Qxd2+ 22.Kxd2 Nd5
23.Rxb7 Bc6 24.Rb8+ Kd7 25.Rb3 Ra8 26.Bxf7 Be5 27.g3 Nf6 28.Rf1 Bd5 29.Bxd5 Nxd5
30.Rfb1 Rxe2+ 31.Kxe2 Nxc3+ 32.Rxc3 Bxc3 33.Rb7+ Ke8 34.Kd3 Be5 35.Ke4 Kf7
36.Rb3 Ra4+ 37.Kf3 Ra5 38.h4 Ra4 39.Rb8 Rc4 40.Ra8 Rc3+ 41.Ke4 Rxg3  0-1

[Event "Wichern op"]
[Site "Hamburg"]
[Date "1997.??.??"]
[Round "3"]
[White "Bokelbrink, Uwe"]
[Black "Kreiman, Boris"]
[Result "1/2-1/2"]
[WhiteElo "2250"]
[BlackElo "2465"]

1.e4 c5 2.Nf3 d6 3.d4 cxd4 4.Nxd4 Nf6 5.Nc3 Nc6 6.Bg5 e6 7.Qd2 a6 8.O-O-O Bd7
9.f4 b5 10.Nxc6 Bxc6 11.Bd3 Be7 12.Kb1 b4 13.Ne2 Nxe4 14.Bxe4 Bxe4 15.Bxe7 Qxe7
16.Qxb4 Bxg2 17.Rhg1 Bf3 18.Qc3 Qb7 19.Qxg7 Rf8 20.Rxd6 Rb8 21.Rd2 f6 22.Qxb7 Rxb7
23.Rg3 Bh5 24.Re3 Bf7 25.Rd6 Ra7 26.b3 Ke7 27.Rd4 Rg8 28.Ng3 Raa8 29.Kb2 Kf8
30.Rd7 Rc8 31.Ne4 Be8 32.Rd2 Ke7 33.Nd6 Rc5 34.b4 Rh5 35.Nxe8 Rxe8 36.c4 Rh4
37.Re4 f5 38.Red4 Rc8 39.Kb3 Rg4 40.c5 h5 41.Kc4 h4 42.a4 Rg1 43.Rc2 Ra1
44.Rd6 a5 45.Re2 Rc1+ 46.Kb5 axb4 47.Rexe6+ Kf7 48.Rf6+ Kg7 49.Rg6+ Kh7 50.Rh6+ Kg7
51.Rdg6+ Kf7 52.Rf6+ Kg7 53.Rfg6+  1/2-1/2

[Event "Wichern op"]
[Site "Hamburg"]
[Date "1997.??.??"]
[Round "8"]
[White "Kreiman, Boris"]
[Black "Stabolewski, Andreas"]
[Result "1/2-1/2"]
[WhiteElo "2465"]
[BlackElo "2270"]

1.e4 c5 2.Nf3 d6 3.d4 cxd4 4.Nxd4 Nf6 5.Nc3 Nc6 6.Bg5 e6 7.Qd2 a6 8.O-O-O Bd7
9.f4 h6 10.Bxf6 Qxf6 11.Nxc6 Bxc6 12.Qe3 g5 13.g3 Be7 14.Kb1 Rg8 15.Be2 gxf4
16.gxf4 Bd8 17.Bf3 Qe7 18.f5 exf5 19.Qxh6 Ba5 20.Qh7 Qg5 21.Nd5 f4 22.h4 Qg6
23.Qxg8+ Qxg8 24.Nf6+ Ke7 25.Nxg8+ Rxg8 26.Rdg1 Rxg1+ 27.Rxg1 f5 28.Rg5 fxe4
29.Rxa5 exf3 30.Rf5 Ke6 31.Rxf4 Ke5 32.Rf7 Bd5 33.Rf8 Ke4 34.c4 Bxc4 35.Kc2 Ke3
36.Re8+ Kd4 37.Rf8 Ke3 38.Re8+  1/2-1/2

[Event "SWE-ch"]
[Site "Haninge"]
[Date "1997.??.??"]
[Round "7"]
[White "Jepson, Christian"]
[Black "Degerman, Lars"]
[Result "1/2-1/2"]
[WhiteElo "2380"]
[BlackElo "2480"]

1.e4 c5 2.Nf3 Nc6 3.d4 cxd4 4.Nxd4 Nf6 5.Nc3 d6 6.Bg5 e6 7.Qd2 Be7 8.O-O-O O-O
9.f4 Nxd4 10.Qxd4 Qa5 11.Bc4 Bd7 12.e5 dxe5 13.fxe5 Bc6 14.Bd2 Nd7 15.Nd5 Qd8
16.Nxe7+ Qxe7 17.Rhe1 Nb6 18.Bd3 Rfd8 19.Qg4 Rxd3 20.cxd3 Ba4 21.Bh6 f5 22.exf6 Qxf6
23.Be3 Bxd1 24.Rxd1 Nd5 25.Qe4 Qf5 26.Bd4 a6 27.a3 Rd8 28.g3 Ne7 29.Bc3 Nd5
30.Bd4 Rd6 31.Re1 h6 32.Kb1 Ne7 33.Bc3 Nc6 34.Kc2 Qf2+ 35.Re2 Qc5 36.Kb1 Qd5
37.Kc2 Qc5 38.Kb1 Qd5  1/2-1/2

[Event "SWE-ch"]
[Site "Haninge"]
[Date "1997.??.??"]
[Round "9"]
[White "Moberg, Karl Johan"]
[Black "Degerman, Lars"]
[Result "0-1"]
[WhiteElo "2335"]
[BlackElo "2480"]

1.e4 c5 2.Nf3 Nc6 3.d4 cxd4 4.Nxd4 Nf6 5.Nc3 d6 6.Bg5 e6 7.Qd2 a6 8.O-O-O h6
9.Be3 Be7 10.f3 Nxd4 11.Bxd4 b5 12.Kb1 Bb7 13.h4 Bc6 14.Qf2 b4 15.Ne2 Qb8
16.g4 e5 17.Be3 d5 18.Bc5 d4 19.Bxe7 Kxe7 20.Nxd4 exd4 21.Qxd4 Nd7 22.Qxg7 Qf4
23.Qd4 a5 24.Bc4 Rac8 25.Rhg1 Qe5 26.Qe3 Qc5 27.Rd4 Ne5 28.Be2 Rhd8 29.Rgd1 Bb5
30.c3 bxc3 31.bxc3 Bxe2 32.Qxe2 Rxd4 33.Rxd4 Qxc3  0-1

[Event "Heart of Finland op"]
[Site "?"]
[Date "1997.??.??"]
[Round "4"]
[White "Sorsa, Nuutti"]
[Black "Veingold, Aleksandr"]
[Result "0-1"]
[WhiteElo "2270"]
[BlackElo "2460"]

1.e4 c5 2.Nf3 Nc6 3.d4 cxd4 4.Nxd4 Nf6 5.Nc3 d6 6.Bg5 e6 7.Qd2 a6 8.O-O-O h6
9.Be3 Bd7 10.f4 b5 11.Bd3 Be7 12.h3 Nxd4 13.Bxd4 b4 14.Ne2 e5 15.Be3 Qa5
16.Kb1 O-O 17.g4 exf4 18.Bxf4 Be6 19.Nc1 d5 20.e5 Ne4 21.Bxe4 dxe4 22.Qg2 Rfd8
23.g5 hxg5 24.Rdg1 Bf5 25.Bxg5 Bxg5 26.Qxg5 Qxe5 27.Qe3 Rac8 28.Rg5 Qc5 29.Qxc5 Rxc5
30.Nb3 Rcd5 31.Kc1 e3 32.Re1 f6 33.Rgg1 Rd2 34.Na1 e2 35.a3 a5 36.Rh1 Be4
37.Rhg1 Bf3  0-1

[Event "Heart of Finland op"]
[Site "?"]
[Date "1997.??.??"]
[Round "9"]
[White "Nouro, Mikael"]
[Black "Blechzin, Igor"]
[Result "1-0"]
[WhiteElo "2305"]
[BlackElo "2405"]

1.e4 c5 2.Nf3 Nc6 3.d4 cxd4 4.Nxd4 Nf6 5.Nc3 d6 6.Bg5 e6 7.Qd2 a6 8.O-O-O Bd7
9.f4 Rc8 10.Kb1 h6 11.Bxf6 Qxf6 12.Nb3 Qd8 13.Bd3 b5 14.Ne2 Qb6 15.f5 Ne5
16.fxe6 fxe6 17.Rhf1 Be7 18.Ng3 Nc4 19.Qf4 Kd8 20.Qf7 Bf6 21.Rxf6 gxf6 22.Nh5 Ne5
23.Qg7 Kc7 24.Nxf6 Qe3 25.Qe7 Rhf8 26.Bxb5 axb5 27.Qxd6+ Kb7 28.Nxd7 Nxd7
29.Qxd7+ Ka8 30.Qxb5 Qxe4 31.Nc5 Qc6 32.Qa5+ Kb8 33.b4 Rf7 34.Qa3 Qxg2 35.Qd3 Qc6
36.Qg3+ Ka8 37.Rd6 Qh1+ 38.Kb2 Ra7 39.Rxe6 Qd5 40.a3 Qd4+ 41.Ka2 Qd5+ 42.Qb3 Qg2
43.Rxh6 Qh1 44.Rf6 Rh8 45.h3 Qg2 46.Rf3 Qd2 47.Rd3 Qg5 48.Rg3 Qd8 49.Qf3+ Kb8
50.Rg6 Qc7 51.Rc6 Qf7+ 52.Qxf7 Rxf7 53.Kb3 Rxh3+ 54.c3 Rff3 55.Na6+ Kb7 56.b5 Rf1
57.Nc5+ Kb8 58.Kb4 Rf4+ 59.Ka5 Rf7 60.Kb6 Rh8 61.a4 Ka8 62.c4 Ra7 63.Na6 Rb7+
64.Ka5 Rg8 65.c5 Rh8 66.Rd6 Rg8 67.b6 Rf8 68.Kb5 Re7 69.c6 Re1 70.Nc5 Rb8
71.Ka6 Rh8 72.Nd7  1-0

[Event "Helsinki We I-HSK"]
[Site "Helsinki"]
[Date "1997.??.??"]
[Round "2"]
[White "Lahtinen, Markku"]
[Black "Veingold, Aleksandr"]
[Result "0-1"]
[WhiteElo "2240"]
[BlackElo "2460"]

1.e4 c5 2.Nf3 Nc6 3.d4 cxd4 4.Nxd4 Nf6 5.Nc3 d6 6.Bg5 e6 7.Qd2 a6 8.O-O-O h6
9.Bf4 Bd7 10.Nxc6 Bxc6 11.Bxd6 Bxd6 12.Qxd6 Qxd6 13.Rxd6 Bxe4 14.f3 Bc6 15.Bd3 Ke7
16.Rd4 Rhd8 17.Rxd8 Rxd8 18.Kd2 g5 19.Ke3 g4 20.Rg1 h5 21.a4 a5 22.Rd1 h4
23.Rd2 h3 24.gxh3 gxf3 25.b3 Rh8 26.Bf1 Rh5 27.Rd4 e5 28.Rc4 Nd7  0-1

[Event "HUN-chT2 9798"]
[Site "HUN"]
[Date "1997.??.??"]
[Round "?"]
[White "De Sousa, Jose"]
[Black "Taskovits, Istvan"]
[Result "1/2-1/2"]
[WhiteElo "2240"]
[BlackElo "2275"]

1.e4 c5 2.Nf3 Nc6 3.d4 cxd4 4.Nxd4 Nf6 5.Nc3 d6 6.Bg5 e6 7.Qd2 a6 8.O-O-O h6
9.Be3 Be7 10.f4 Nxd4 11.Bxd4 b5 12.Qe3 Qc7 13.e5 dxe5 14.fxe5 Nd7 15.Ne4 Bb7
16.Nd6+ Qxd6 17.exd6 Bg5 18.Qxg5 hxg5 19.Bxg7 Rh4 20.Bd4 Rc8 21.Bf2 Rh6 22.Be3 f6
23.h3 Rh4 24.Rg1 Bd5 25.b3 Nc5 26.Kb2 Kd7 27.Bd4 f5 28.Be2 Ne4 29.Bf3 Kxd6
30.Rge1 Ke7 31.Be5 b4 32.Rd3 a5 33.Bg3 Rhh8 34.Be5 Rhd8 35.g4 Nf2 36.Rxd5 exd5
37.Bc7+ Kf6 38.Bxd8+ Rxd8 39.gxf5 Nxh3 40.Bg4 Nf4 41.Rh1 Rd6 42.a3 d4 43.axb4 axb4
44.Kc1 d3 45.Rh6+ Ke5 46.Rxd6 Kxd6 47.f6 dxc2 48.Kxc2 Ng6 49.Kd2 Ke5 50.f7 Kf6
51.Bh5 Kxf7 52.Kd3 Kf6 53.Kc4 Nf4 54.Bf3 Ne6  1/2-1/2

[Event "HUN-chT2 9798"]
[Site "HUN"]
[Date "1997.??.??"]
[Round "?"]
[White "Albert, Kornelia"]
[Black "Gara, Ticia"]
[Result "0-1"]
[WhiteElo "2140"]
[BlackElo "2075"]

1.e4 c5 2.Nf3 d6 3.d4 cxd4 4.Nxd4 Nf6 5.Nc3 Nc6 6.Bg5 e6 7.Qd3 a6 8.O-O-O h6
9.Bh4 Bd7 10.f4 Be7 11.Be2 b5 12.Nxc6 Bxc6 13.e5 dxe5 14.Qg3 Qb6 15.fxe5 Nd5
16.Nxd5 Bxd5 17.Qxg7 Qe3+ 18.Kb1 Bxh4 19.Rxd5 Rf8 20.Bxb5+ axb5 21.Rxb5 Qe2
22.Rc5 Bg5 23.Qh7 Rd8 24.a3 Qxg2 25.Re1 Qf2  0-1

[Event "HUN-chT2 9798"]
[Site "HUN"]
[Date "1997.??.??"]
[Round "?"]
[White "Szabo, Zsolt Jozsef"]
[Black "Taskovits, Istvan"]
[Result "1-0"]
[WhiteElo "2355"]
[BlackElo "2275"]

1.e4 c5 2.Nf3 Nc6 3.d4 cxd4 4.Nxd4 Nf6 5.Nc3 d6 6.Bg5 e6 7.Qd2 a6 8.O-O-O h6
9.Be3 Be7 10.f4 Nxd4 11.Bxd4 b5 12.Be2 b4 13.Na4 Rb8 14.e5 Nd5 15.Bc4 O-O
16.exd6 Bxd6 17.Be5 Bxe5 18.fxe5 Qa5 19.Bxd5 Rd8 20.Qf4 exd5 21.b3 Bd7 22.Rhf1 Rf8
23.Kb1 Bxa4 24.bxa4 Rbc8 25.Rf2 Rc6 26.Qf3 Qxa4 27.Qxd5 Re6 28.Rxf7 Qe8 29.Rxf8+ Kxf8
30.Qc4 Rxe5 31.Rf1+ Ke7 32.Qc7+  1-0

[Event "HUN-chT 9798"]
[Site "Hungary"]
[Date "1997.??.??"]
[Round "?"]
[White "Paksa, Rudolf"]
[Black "Toth, Andras"]
[Result "0-1"]
[WhiteElo "2275"]
[BlackElo "2245"]

1.e4 c5 2.Nf3 Nc6 3.d4 cxd4 4.Nxd4 Nf6 5.Nc3 d6 6.Bg5 e6 7.Qd2 a6 8.O-O-O Bd7
9.Nb3 b5 10.Bd3 b4 11.Ne2 Be7 12.f4 h6 13.Bxf6 gxf6 14.Kb1 Qb6 15.Rhe1 a5
16.Bc4 Rc8 17.Qd3 a4 18.Nbd4 Na5 19.Bb5 Bxb5 20.Qxb5+ Qxb5 21.Nxb5 Rc6 22.b3 axb3
23.cxb3 Rb6 24.Nbd4 Nb7 25.Nc2 Nc5 26.Nc1 Rg8 27.g3 h5 28.Nd3 Na6 29.Ne3 Kd7
30.Rc1 Rb5 31.Red1 Rc8 32.Rxc8 Kxc8 33.Rc1+ Kd7 34.h3 Bd8 35.Rd1 Bc7 36.g4 Rb8
37.Nc4 hxg4 38.hxg4 Rh8 39.Ndb2 Ke7 40.Nd3 Rh2 41.Rd2 Rh1+ 42.Kb2 Rg1 43.a3 bxa3+
44.Kxa3 Nc5 45.Nf2 Rg3 46.Rb2 d5 47.exd5 exd5 48.Kb4 Na6+ 49.Kb5 dxc4 50.bxc4 Ra3
51.Re2+ Kd7 52.Rd2+ Kc8 53.Kc6 Ra5  0-1

[Event "SLO-ch int blind"]
[Site "Izola"]
[Date "1997.??.??"]
[Round "?"]
[White "Markov, Ziva"]
[Black "Schlierf, Andre"]
[Result "1-0"]
[WhiteElo "2220"]
[BlackElo "2070"]

1.e4 c5 2.Nf3 Nc6 3.d4 cxd4 4.Nxd4 Nf6 5.Nc3 d6 6.Bg5 e5 7.Ndb5 a6 8.Na3 Be6
9.Nc4 Be7 10.Bxf6 gxf6 11.Ne3 Qa5 12.Bd3 O-O-O 13.a3 Kb8 14.b4 Qc7 15.Ncd5 Bxd5
16.Nxd5 Qd7 17.b5 Nd4 18.bxa6 bxa6 19.Qb1+  1-0

[Event "World Cities"]
[Site "Jakarta "]
[Date "1997.??.??"]
[Round "1"]
[White "Dolmatov, Sergey"]
[Black "Aung Thant Zin"]
[Result "1-0"]
[WhiteElo "2565"]
[BlackElo "2245"]

1.e4 c5 2.Nf3 Nc6 3.d4 cxd4 4.Nxd4 Nf6 5.Nc3 d6 6.Bg5 e6 7.Qd2 a6 8.O-O-O h6
9.Bf4 Bd7 10.Nxc6 Bxc6 11.f3 d5 12.Qe1 Bb4 13.a3 Ba5 14.Bd2 b5 15.Kb1 d4
16.e5 Nd7 17.Ne4 Bxd2 18.Nd6+ Ke7 19.Rxd2 Qb6 20.f4 b4 21.Qg3 g6 22.Bc4 Rab8
23.Rhd1 Qc5 24.axb4 Qxb4 25.Bb3 Nc5 26.Rxd4 Qb6 27.Qh4+ g5 28.fxg5 Nxb3  1-0

[Event "World Cities"]
[Site "Jakarta "]
[Date "1997.??.??"]
[Round "9"]
[White "Ubayana, Harry"]
[Black "Aung Thant Zin"]
[Result "0-1"]
[WhiteElo "2200"]
[BlackElo "2245"]

1.e4 c5 2.Nf3 Nc6 3.d4 cxd4 4.Nxd4 Nf6 5.Nc3 d6 6.Bg5 e6 7.Qd2 a6 8.O-O-O h6
9.Bh4 Nxe4 10.Qe3 Qxh4 11.Nxe4 d5 12.Ng3 Bc5 13.c3 O-O 14.f4 Bd6 15.Nge2 Bd7
16.Nf3 Qe7 17.g4 Bc5 18.Qd2 Rad8 19.h4 e5 20.f5 h5 21.Bh3 e4 22.Nfd4 Ne5
23.gxh5 Nc4 24.Qe1 Ba3 25.Rg1 Nxb2 26.Kb1 Nxd1 27.h6 Qf6 28.hxg7 Rfe8 29.Qxd1 Qb6+
30.Nb3 Qh6 31.Qd4 Bb5 32.Ng3 e3 33.f6 e2 34.Re1 Qg6+ 35.Nf5 Bd7 36.Qf4 Bd6
37.Qf3 Qxf6 38.Nbd4 Qg6 39.h5 Qh6 40.Kb2 Be5 41.Rxe2 Bxd4 42.Ne7+ Kxg7 43.Bxd7 Rxe7
44.Rxe7 Bf6 45.Re2 d4 46.Rg2+ Kf8 47.Qxf6 Rxd7  0-1

[Event "Klatovy op-A"]
[Site "Klatovy"]
[Date "1997.??.??"]
[Round "?"]
[White "Bargel, Martin"]
[Black "Blecha, Milan"]
[Result "1-0"]
[WhiteElo "2035"]
[BlackElo "1890"]

1.e4 c5 2.Nf3 Nc6 3.d4 cxd4 4.Nxd4 Nf6 5.Nc3 d6 6.Bg5 e6 7.Be2 Be7 8.O-O O-O
9.Kh1 d5 10.exd5 Nxd5 11.Nxc6 bxc6 12.Bxe7 Qxe7 13.Ne4 f5 14.Nd2 Bb7 15.c4 Nf4
16.Bf3 Rad8 17.Qc2 Rf6 18.Rfd1 e5 19.Nf1 e4 20.Be2 c5 21.Ne3 Rd4 22.Bf1 Qd7
23.Nd5 Nxd5 24.cxd5 Qd6 25.b4 Rxb4 26.Bc4 Rh6 27.h3 g5 28.a3 Rb6 29.Qa4 g4
30.Qxa7 gxh3 31.g3 e3 32.Rab1 exf2 33.Qxb6 Qxb6 34.Rxb6 Rxb6 35.Kh2 Rd6 36.Kxh3 Bxd5
37.Rxd5 f1=Q+ 38.Bxf1 Rc6 39.Bc4 Kg7 40.Rxf5 Kg6 41.Rf3 Kg7 42.a4  1-0

[Event "RUS-Cup6"]
[Site "Krasnodar"]
[Date "1997.??.??"]
[Round "6"]
[White "Dolmatov, Sergey"]
[Black "Prokopchuk, Evgeny"]
[Result "1-0"]
[WhiteElo "2560"]
[BlackElo "2440"]

1.e4 c5 2.Nf3 d6 3.d4 cxd4 4.Nxd4 Nf6 5.Nc3 Nc6 6.Bg5 e6 7.Qd2 a6 8.O-O-O h6
9.Bf4 Bd7 10.Nxc6 Bxc6 11.f3 d5 12.Qe1 Bb4 13.a3 Ba5 14.b4 Bb6 15.exd5 Bxd5
16.Be5 O-O 17.Qh4 Be3+ 18.Kb2 Bg5 19.Qd4 Bc6 20.a4 Qxd4 21.Bxd4 Rfd8 22.Bc4 b5
23.axb5 axb5 24.Bxb5 Rdb8 25.h4 Bf4 26.g3 Bxb5 27.gxf4 Bc6 28.Kb3 Nd5 29.Nxd5 Bxd5+
30.c4 Bxf3 31.Be5 Rb6 32.Rhg1 Bxd1+ 33.Rxd1 f6 34.Bc3 Rb7 35.c5 Kf7 36.Kc4 Rab8
37.Rd6 Ke7 38.Ra6 Rb5 39.h5 Kd7 40.Be1 Ke7 41.Ra7+ R8b7 42.Rxb7+ Rxb7 43.b5 Rd7
44.b6 Kd8 45.Kb5 Rd1 46.Bb4 Rb1 47.c6 Kc8 48.Kc5 Kb8 49.b7 Kc7 50.Ba5+ Kb8
51.Kd6 Rd1+ 52.Kxe6 Re1+ 53.Kd6 Rd1+ 54.Kc5 Rc1+ 55.Kb6  1-0

[Event "La Plata"]
[Site "La Plata"]
[Date "1997.??.??"]
[Round "5"]
[White "Zarnicki, Pablo"]
[Black "Sorokin, Maxim"]
[Result "1/2-1/2"]
[WhiteElo "2550"]
[BlackElo "2555"]

1.e4 c5 2.Nf3 d6 3.d4 Nf6 4.Nc3 cxd4 5.Nxd4 Nc6 6.Bg5 e6 7.Qd2 Be7 8.O-O-O O-O
9.f4 Nxd4 10.Qxd4 Qa5 11.Kb1 Rd8 12.Qd2 Bd7 13.Qe1 Qc5 14.e5 dxe5 15.fxe5 Nd5
16.Ne4 Qc7 17.Bxe7 Nxe7 18.Nd6 Nf5 19.Bd3 Nxd6 20.exd6 Qc5  1/2-1/2

[Event "La Pobla de Lillet op"]
[Site "La Pobla de Lillet"]
[Date "1997.??.??"]
[Round "6"]
[White "Narciso Dublan, Marc"]
[Black "Baron Rodriguez, Jorge"]
[Result "1-0"]
[WhiteElo "2455"]
[BlackElo "2255"]

1.e4 c5 2.Nf3 d6 3.d4 cxd4 4.Nxd4 Nf6 5.Nc3 Nc6 6.Bg5 e6 7.Qd2 a6 8.O-O-O h6
9.Be3 Be7 10.f4 Nxd4 11.Bxd4 b5 12.Qe3 Qc7 13.Kb1 b4 14.Bxf6 Bxf6 15.Ne2 Bb7
16.Ng3 Rc8 17.Bd3 Qc5 18.Qe2 O-O 19.Nh5 Bd4 20.Rhe1 f5 21.Ng3 Bf2 22.Rf1 Bxg3
23.hxg3 a5 24.Rh1 Rfe8 25.g4 a4 26.Rd2 a3 27.Bb5 b3 28.cxb3 Bxe4+ 29.Bd3 axb2
30.Rxb2 Qb4 31.Bxe4 fxe4 32.g5 hxg5 33.fxg5 Qd4 34.g6 Rc5 35.Rd2 Qe5 36.g4 Rec8
37.Qh2 Qxh2 38.Rdxh2 Kf8 39.Rf1+ Ke8 40.Rf7 Rc1+ 41.Kb2  1-0

[Event "IBM op"]
[Site "La Reunion"]
[Date "1997.??.??"]
[Round "5"]
[White "De la Riva Aguado, Oscar"]
[Black "Oms Pallise, Josep"]
[Result "1/2-1/2"]
[WhiteElo "2480"]
[BlackElo "2450"]

1.e4 c5 2.Nf3 Nc6 3.d4 cxd4 4.Nxd4 Nf6 5.Nc3 d6 6.Bg5 e6 7.Qd2 Be7 8.O-O-O Nxd4
9.Qxd4 O-O 10.f4 Qa5 11.Bc4 Bd7 12.e5 dxe5 13.fxe5 Bc6 14.Bd2 Nd7 15.Nd5 Qd8
16.Nxe7+ Qxe7 17.Rhe1 Rfd8 18.Qg4 Nf8 19.Bf1  1/2-1/2

[Event "Lazne Bohdanec-B"]
[Site "Lazne Bohdanec"]
[Date "1997.??.??"]
[Round "?"]
[White "Dobrowolski, Piotr"]
[Black "Sluka, Radek"]
[Result "1/2-1/2"]
[WhiteElo "2390"]
[BlackElo "2345"]

1.e4 c5 2.Nf3 d6 3.d4 cxd4 4.Nxd4 Nf6 5.Nc3 Nc6 6.Bg5 e6 7.Qd2 a6 8.O-O-O h6
9.Be3 Nxd4 10.Qxd4 Be7 11.f3 b5 12.e5 dxe5 13.Qxe5 Bd7 14.Ne4 Nxe4 15.Qxe4 Rc8
16.Bd3 Qa5 17.Qb7 Rc7 18.Qb6 Qxb6 19.Bxb6 Rc8 20.Rhe1 Bc6 21.Be4 O-O 22.Ba5 f5
23.Bxc6 Rxc6 24.Bc3 Rfc8 25.Re2 Kf7 26.Rd7 R8c7 27.Rxc7 Rxc7 28.Be5 Rc6 29.c3  1/2-1/2

[Event "Leeuwarden op"]
[Site "Leeuwarden"]
[Date "1997.??.??"]
[Round "1"]
[White "Van den Doel, Erik"]
[Black "Baljon, Christofoor"]
[Result "1/2-1/2"]
[WhiteElo "2440"]
[BlackElo "2310"]

1.e4 c5 2.Nf3 d6 3.d4 cxd4 4.Nxd4 Nf6 5.Nc3 Nc6 6.Bg5 e6 7.Qd2 a6 8.O-O-O h6
9.Be3 Ng4 10.Nxc6 bxc6 11.Bc5 d5 12.Bxf8 Kxf8 13.Qd4 e5 14.Qc5+ Qe7 15.Qxe7+ Kxe7
16.Rd2 d4 17.Na4 Be6 18.Kb1 Rhb8 19.Bd3 a5 20.Rc1 Rb4 21.Nc5 Rd8 22.Re2 Bc8
23.f3 Nf6 24.c3 dxc3 25.Rxc3 Rbd4 26.Kc2 R8d6 27.Ra3 Nd7 28.Nxd7 Kxd7 29.Re3 a4
30.Kc3 Kc7 31.Bc2 Rd2 32.g4 Rxh2 33.Bxa4 Rdd2 34.Bb3 Kb6 35.Bxf7 Rc2+ 36.Kb3 Rxb2+
37.Ka4 Ba6 38.Rac3 Bb5+ 39.Ka3 c5 40.Re1 c4 41.Bxc4 Bxc4 42.Rxc4 Kb5 43.Rec1 Rxa2+
44.Kb3 Rhb2+ 45.Kc3 Rf2 46.Kb3 Ra7 47.Rc8 Rxf3+ 48.Kb2 Rf2+ 49.Kb3 Rf3+ 50.Kb2 Rf4
51.Rb1 Rxe4 52.Kc3+ Ka6 53.Rc6+ Ka5 54.Rc5+ Ka6 55.Rc6+  1/2-1/2

[Event "Lichtenstein op"]
[Site "Lichtenstein"]
[Date "1997.??.??"]
[Round "8"]
[White "Dutreeuw, Marc"]
[Black "Pribyl, Martin"]
[Result "0-1"]
[WhiteElo "2395"]
[BlackElo "2305"]

1.e4 c5 2.Nf3 d6 3.d4 cxd4 4.Nxd4 Nf6 5.Nc3 Nc6 6.Bg5 e6 7.Qd2 h6 8.Bxf6 gxf6
9.O-O-O a6 10.f4 Bd7 11.Be2 h5 12.Bf3 Qb6 13.h4 Qxd4 14.Qxd4 Nxd4 15.Rxd4 Bc6
16.Rd3 Bh6 17.g3 Ke7 18.Kd1 Rac8 19.Ke1 Rhg8 20.Kf2 f5 21.exf5 Bg7 22.fxe6 Bxf3
23.Rxf3 Bd4+ 24.Ke2 fxe6 25.Kd3 Bxc3 26.bxc3 Rc5 27.Rb1 b5 28.a3 Kf6 29.Rb4 Kf5
30.Rd4 Rc6 31.Re3 Rgc8 32.Kd2 a5 33.Rde4 Rxc3 34.Rxe6 Rxc2+ 35.Ke1 Rg2 36.Kf1 Rxg3
37.Rxg3 Kxe6 38.Rg6+ Kf5 39.Rxd6 Kxf4 40.Rd5 Rb8 41.Ke2 Re8+ 42.Kd2 Re5 43.Rd4+ Kg3
44.a4 b4 45.Kc2 Kf3 46.Kb3 Rc5 47.Kb2 Ke3 48.Rd8 Ke4 49.Rg8 Re5 50.Ra8 Kd4
51.Kb3 Kd3 52.Rd8+ Ke2 53.Kb2 Kf3 54.Rg8 Kf4 55.Rg7 Re2+ 56.Kb3 Re3+ 57.Kb2 Ra3
58.Rg5 Rxa4 59.Rxh5 Kg4 60.Rh8 Ra3 61.h5 Kg5 62.h6 Kg6 63.Kc2 a4 64.h7 Kg7
65.Ra8 b3+ 66.Kb1 Kxh7 67.Ra6 Ra2 68.Kc1 Kg7 69.Kb1 Kf7 70.Rh6 Ke7 71.Rg6 Kd7
72.Rh6 Kc7 73.Rg6 Rh2  0-1

[Event "Anibal op 4th"]
[Site "Linares"]
[Date "1997.??.??"]
[Round "7"]
[White "Xie Jun"]
[Black "Gamundi, Antonio"]
[Result "1/2-1/2"]
[WhiteElo "2500"]
[BlackElo "2440"]

1.e4 c5 2.Nf3 d6 3.d4 Nf6 4.Nc3 cxd4 5.Nxd4 Nc6 6.Bg5 e6 7.Qd2 a6 8.O-O-O h6
9.Be3 Bd7 10.f4 Rc8 11.Kb1 Qc7 12.Bd3 Nxd4 13.Bxd4 e5 14.Bf2 Bc6 15.Bh4 Be7
16.fxe5 dxe5 17.Bxf6 Bxf6 18.Bc4 O-O 19.Nd5 Qd6 20.Rhf1 Bg5 21.Qf2 Qg6 22.Qf3 Bd8
23.Bb3 Kh8 24.g3 b5 25.h4 a5 26.a3 Bb7 27.Rf2 Rb8 28.Rdf1 Ba6 29.Rh1 Bc8
30.h5 Qg5 31.Qc3 Be6 32.Qc5 Rg8 33.Qa7 Qxg3 34.Rhf1 Bg5 35.Qxa5 Qg4 36.Qb4 Qxh5
37.Qd6 Bxd5 38.Qxd5 f6 39.Rd1 Rgf8 40.Rff1 Qg6 41.Qd3 Qe8 42.c3 Bf4 43.Rh1 g6
44.Qe2 Rb7 45.Rd5 h5 46.Bc2 Qc6 47.Rhd1 Kg7 48.Qf2 Rc8 49.Qe2 Rcb8 50.Qf1 Bg5  1/2-1/2

[Event "Lilie op"]
[Site "Litomysl"]
[Date "1997.??.??"]
[Round "6"]
[White "Hitzgerova, Gabriela"]
[Black "Banas, Jan"]
[Result "0-1"]
[WhiteElo "2195"]
[BlackElo "2385"]

1.e4 c5 2.Nf3 d6 3.d4 cxd4 4.Nxd4 Nf6 5.Nc3 Nc6 6.Bg5 e6 7.Qd2 a6 8.O-O-O Bd7
9.f4 h6 10.Bh4 g5 11.fxg5 Ng4 12.Be2 Nge5 13.Rhf1 Be7 14.Kb1 hxg5 15.Bg3 Qc7
16.h3 f6 17.Rc1 Na5 18.b3 b5 19.Nd1 Nb7 20.Nf2 Nc5 21.Qe3 Qb7 22.Ka1 a5 23.Bf3 b4
24.Nd3 a4 25.Nxc5 dxc5 26.Ne2 Nxf3 27.Rxf3 Bc6 28.Rf2 Bxe4 29.Ng1 Bd5 30.Nf3 Qa7
31.Re2 c4 32.Qxa7 Rxa7 33.Nd4 Kf7 34.Kb1 f5 35.Be5 Rc8 36.Rd1 axb3 37.cxb3 cxb3
38.Nxb3 Be4+ 39.Kb2 Rca8 40.Nc1 Ra5 41.Bd4 Rd5 42.Red2 Rad8 43.Nb3 e5 44.Bxe5 Rxd2+
45.Rxd2 Rxd2+ 46.Nxd2 Bxg2 47.Kc2 Bxh3 48.Kd3 f4 49.Ke4 Ke6 50.Bb8 Bg2+ 51.Kd3 Bd5
52.Nb3 Bxb3 53.axb3 Kf5 54.Ke2 Ke4 55.Ba7 g4 56.Kf2 Bh4+ 57.Kg2 f3+ 58.Kf1 Kd3
59.Bc5 Kc3 60.Bf2 Bxf2 61.Kxf2  0-1

[Event "Ljubljana"]
[Site "Ljubljana"]
[Date "1997.??.??"]
[Round "1"]
[White "Mencinger, Vojko"]
[Black "Grosar, Aljosa"]
[Result "1/2-1/2"]
[WhiteElo "2395"]
[BlackElo "2495"]

1.e4 c5 2.Nf3 d6 3.d4 cxd4 4.Nxd4 Nf6 5.Nc3 Nc6 6.Bg5 Bd7 7.Qd2 Rc8 8.O-O-O Nxd4
9.Qxd4 Qa5 10.Be3 a6 11.f3 g6 12.Kb1 Bg7 13.Qd2 Be6 14.Nd5 Qxd2 15.Rxd2 Nd7
16.c4 f5 17.Bd3 fxe4 18.fxe4 Rf8 19.b3 Ne5 20.h3 Nxd3 21.Rxd3 b5 22.cxb5 axb5
23.Rc1 Rxc1+ 24.Kxc1 Bd7 25.Nb4 Be5 26.Rd1 Bc8 27.Kd2 Bb7 28.Kd3 Kd7 29.Rc1 e6
30.Bb6 d5 31.exd5 exd5 32.Rc5 Bd6 33.Rxb5 Rb8 34.a4 Bc6 35.Nxc6 Kxc6 36.Ba7 Rxb5
37.axb5+ Kxb5 38.Kd4 Kc6 39.g4 h5 40.gxh5 gxh5 41.Kd3  1/2-1/2